Indian Constituion & human rights / (Record no. 37879)

MARC details
000 -LEADER
fixed length control field 00667nam a22001937a 4500
005 - DATE AND TIME OF LATEST TRANSACTION
control field 20100727114810.0
010 ## - LCCN (DPL NO)
LC control number ENG-97181
020 ## - INTERNATIONAL STANDARD BOOK NUMBER
Terms of availability 50.00
035 ## - SYSTEM CONTROL NUMBER
System control number EN-80714
037 ## - SOURCE OF ACQUISITION
Source of stock number/acquisition DBAD/PUB
082 ## - DEWEY DECIMAL CLASSIFICATION NUMBER
Classification number 342.54085
100 ## - MAIN ENTRY--PERSONAL NAME
Personal name Rao V Bhaskara
245 ## - TITLE STATEMENT
Title Indian Constituion & human rights /
Statement of responsibility, etc by V Bhaskara Rao
260 ## - PUBLICATION, DISTRIBUTION, ETC. (IMPRINT)
Place of publication, distribution, etc Warangal
Name of publisher, distributor, etc Prajahita Prachuranalu
270 ## - ADDRESS
Address H.NO. 1-7-454 Revenue Colony Hanamkonda
300 ## - PHYSICAL DESCRIPTION
Extent 87 p
Dimensions 21 cm.(pbk)
942 ## - ADDED ENTRY ELEMENTS (KOHA)
Source of classification or shelving scheme Dewey Decimal Classification
Item type English Books
Classification part 342.54085
Call number suffix RAO
Holdings
Withdrawn status Lost status Not for loan Collection code Home library Current library Date acquired Source of acquisition Cost, normal purchase price Full call number Barcode Copy number Cost, replacement price Koha item type
    Not For Loan Non-fiction D.B.Act.Division D.B.Act.Division 27/07/2010 DBAD/PUB 50.00 342.54085 EN-80714 1 50.00 English Books

© Delhi Public Library
Hit Counter
free hit counter